[Event "Oviedo rapid"]
[Site "Oviedo"]
[Date "1993.??.??"]
[Round "8"]
[White "Westerinen, Heikki MJ"]
[Black "Chiburdanidze, Maia"]
[Result "1-0"]
[WhiteElo "2385"]
[BlackElo "2510"]

1.e4 c5 2.f4 Nc6 3.Nf3 e6 4.Bb5 Qc7 5.O-O Nf6 6.d3 a6 7.Bxc6 Qxc6 8.c4 d6
9.Nc3 b5 10.b3 Be7 11.Qe2 O-O 12.Bb2 Bb7 13.Rae1 Rfe8 14.Qf2 d5 15.Ne5 Qc7
16.cxb5 axb5 17.Nxb5 Qa5 18.Nc3 dxe4 19.Nc4 Qb4 20.dxe4 Ba6 21.Rc1 Bxc4 22.bxc4 Reb8
23.Ba1 Nd7 24.Nb5 Nb6 25.a3 Qa4 26.Qg3 Bf8 27.f5 exf5 28.Rxf5 Rb7 29.Rg5 f6
30.Bxf6 Nxc4 31.Nc7 Rxc7 32.Qxc7 Ra7 33.Qd8 Ne3 34.Rxg7+  1-0

[Event "Oviedo rapid"]
[Site "Oviedo"]
[Date "1993.??.??"]
[Round "11"]
[White "Chiburdanidze, Maia"]
[Black "Kovacevic, Slobodan"]
[Result "1/2-1/2"]
[WhiteElo "2510"]
[BlackElo "2435"]

1.c4 c5 2.Nf3 b6 3.Nc3 Bb7 4.e4 d6 5.d4 cxd4 6.Nxd4 Nf6 7.f3 e6 8.a4 Nc6
9.Be3 Be7 10.Be2 O-O 11.O-O a6 12.Nxc6 Bxc6 13.b4 a5 14.bxa5 Rxa5 15.Nb5 Qb8
16.Bd2 Ra8 17.Bb4 Bxb5 18.cxb5 Rc8 19.Kh1 Bf8 20.Qd4 d5 21.Bxf8 Kxf8 22.exd5 Nxd5
23.f4 Rd8 24.Bf3 Ra7 25.Rfd1 Rad7 26.f5 e5 27.Qb2 Kg8 28.Re1 f6 29.a5 bxa5
30.Rxa5 Nb6 31.Ra6 Kh8 32.Qb4 Qc7 33.h3 Rd6 34.Qa5  1/2-1/2

[Event "Oviedo rapid"]
[Site "Oviedo"]
[Date "1993.??.??"]
[Round "13"]
[White "Chiburdanidze, Maia"]
[Black "Illescas Cordoba, Miguel"]
[Result "1/2-1/2"]
[WhiteElo "2510"]
[BlackElo "2625"]

1.c4 c6 2.b3 d5 3.Bb2 Nf6 4.g3 Bg4 5.Bg2 e6 6.Nf3 Nbd7 7.O-O Be7 8.d3 O-O
9.Qc2 a5 10.Nc3 Qb8 11.e4 dxe4 12.dxe4 Bxf3 13.Bxf3 e5 14.Bg2 Nc5 15.Bh3 Qc7
16.Rad1 Rfd8 17.Bc1 Nfd7 18.Be3 Nf8 19.Na4 b6 20.Nc3 Nce6 21.Na4 Nc5 22.Nc3 Nce6
23.Na4  1/2-1/2

[Event "Women-Veterans"]
[Site "Vienna"]
[Date "1993.??.??"]
[Round "?"]
[White "Dueckstein, Andreas"]
[Black "Chiburdanidze, Maia"]
[Result "0-1"]
[WhiteElo "2350"]
[BlackElo "2510"]

1.e4 c5 2.Nf3 Nc6 3.Bb5 e6 4.O-O Nge7 5.Re1 a6 6.Bxc6 bxc6 7.e5 Ng6 8.Nc3 Be7
9.Ne4 f6 10.exf6 gxf6 11.d4 cxd4 12.Nxd4 O-O 13.Qh5 c5 14.Nb3 c4 15.Nd4 Bb7
16.Bh6 Rf7 17.Rad1 Qb6 18.b3 Rc8 19.Nf3 d5 20.Nc3 cxb3 21.Na4 Qb5 22.cxb3 e5
23.Nh4 Nxh4 24.Qxh4 d4 25.Rc1 Rd8 26.Rc7 Qd5 27.f3 d3 28.Rec1 e4 29.Qxe4 Qxe4
30.fxe4 Bxe4 31.Nc5 Bd6 32.Nxe4 Bxc7  0-1

[Event "Women-Veterans"]
[Site "Vienna"]
[Date "1993.??.??"]
[Round "?"]
[White "Chiburdanidze, Maia"]
[Black "Smyslov, Vassily"]
[Result "1/2-1/2"]
[WhiteElo "2510"]
[BlackElo "2530"]

1.e4 e5 2.Nf3 Nc6 3.Bb5 a6 4.Ba4 Nf6 5.O-O Be7 6.Re1 b5 7.Bb3 O-O 8.c3 d6
9.h3 Na5 10.Bc2 c5 11.d4 cxd4 12.cxd4 Bb7 13.Nbd2 Rc8 14.d5 Qc7 15.Bd3 Nd7
16.Nf1 Nc5 17.Bc2 Nc4 18.b3 Nb6 19.Ne3 g6 20.Bd2 Bd8 21.Ba5 Qe7 22.Qd2 Nbd7
23.Bxd8 Qxd8 24.b4 Na4 25.Bxa4 bxa4 26.Rec1 Nf6 27.Qd3 Nh5 28.b5 Nf4 29.Qf1 axb5
30.Qxb5 Rb8 31.Kh2 Bxd5 32.Qxa4 Be6 33.Qc2 f5 34.Rd1 Qe7 35.Qc6 Rfe8 36.Rd2 Rbc8
37.Qa4 Ra8 38.Qc6 Rac8  1/2-1/2

[Event "Women-Veterans"]
[Site "Vienna"]
[Date "1993.??.??"]
[Round "?"]
[White "Chiburdanidze, Maia"]
[Black "Olafsson, Fridrik"]
[Result "1/2-1/2"]
[WhiteElo "2510"]
[BlackElo "2485"]

1.e4 c5 2.Nf3 e6 3.d4 cxd4 4.Nxd4 Nc6 5.Nc3 a6 6.g3 Qc7 7.Bg2 Nf6 8.O-O Be7
9.a4 O-O 10.Nb3 d6 11.a5 Nd7 12.Be3 b5 13.axb6 Nxb6 14.Nb5 axb5 15.Bxb6 Qb8
16.Rxa8 Qxa8 17.Qe2 Qb7 18.Be3 Ne5 19.Ra1 Bd8 20.Na5 Qa6  1/2-1/2

[Event "Women-Veterans"]
[Site "Vienna"]
[Date "1993.??.??"]
[Round "?"]
[White "Chiburdanidze, Maia"]
[Black "Ivkov, Borislav"]
[Result "1-0"]
[WhiteElo "2510"]
[BlackElo "2505"]

1.e4 e5 2.Nf3 Nc6 3.Bb5 a6 4.Ba4 Nf6 5.d3 d6 6.c3 g6 7.d4 Bd7 8.O-O Bg7 9.Bg5 O-O
10.d5 Ne7 11.Bxf6 Bxf6 12.c4 Bg7 13.Nc3 Bh6 14.Bxd7 Qxd7 15.Qd3 f5 16.Rfe1 Rf7
17.c5 Raf8 18.Rad1 Kh8 19.Re2 Ng8 20.Qc4 Qd8 21.a4 Nf6 22.c6 Qc8 23.a5 Nh5
24.cxb7 Qxb7 25.Rc2 Rb8 26.exf5 Rxf5 27.Ne4 Nf6 28.Nxf6 Rxf6 29.Qh4 g5 30.Nxg5 Qb3
31.Rdc1 Bxg5 32.Qxg5 Rg6 33.Qd2 Rxg2+ 34.Kxg2 Rg8+ 35.Kf1 Qh3+ 36.Ke2 Qh5+
37.Kd3 Qf3+ 38.Qe3 Qxd5+ 39.Ke2  1-0

[Event "Women-Veterans"]
[Site "Vienna"]
[Date "1993.??.??"]
[Round "?"]
[White "Chiburdanidze, Maia"]
[Black "Geller, Efim P"]
[Result "0-1"]
[WhiteElo "2510"]
[BlackElo "2515"]

1.d4 d5 2.c4 e6 3.Nc3 Be7 4.Nf3 Nf6 5.Qc2 O-O 6.Bg5 c5 7.dxc5 Qa5 8.cxd5 exd5
9.Nd4 Qxc5 10.Nb3 Qd6 11.e3 Nc6 12.Rd1 Be6 13.Be2 Rac8 14.O-O h6 15.Bf4 Qb4
16.a3 Qb6 17.Na4 Na5 18.Nbc5 Qc6 19.b4 b6 20.Ba6 bxc5 21.Bxc8 Rxc8 22.bxa5 Qb5
23.Rb1 Qxa5 24.Rb7 Bf8 25.Rfb1 d4 26.exd4 cxd4 27.Qd1 Nd5 28.Qxd4 Nxf4 29.Qxf4 Rc4
30.Qe3 Qxa4 31.Rxa7 Qc2 32.Rf1 Bc5 33.Ra8+ Kh7 34.Qe5 Qxf2+  0-1

[Event "Women-Veterans"]
[Site "Vienna"]
[Date "1993.??.??"]
[Round "?"]
[White "Chiburdanidze, Maia"]
[Black "Dueckstein, Andreas"]
[Result "1-0"]
[WhiteElo "2510"]
[BlackElo "2350"]

1.e4 e6 2.d4 d5 3.Nd2 c5 4.Ngf3 Nc6 5.exd5 exd5 6.Bb5 Bd6 7.dxc5 Bxc5 8.O-O Ne7
9.Nb3 Bd6 10.Bg5 O-O 11.Bh4 Qb6 12.Bd3 h6 13.Re1 Bg4 14.Bg3 Rad8 15.c3 a5
16.Bc2 Bf5 17.Bxd6 Rxd6 18.Nbd4 Bg6 19.Bxg6 Nxg6 20.Qb3 Nxd4 21.Nxd4 Qd8
22.g3 Rb6 23.Qc2 Qd7 24.Re2 Rf6 25.Rae1 Qh3 26.f4 Qg4 27.Kh1 Rc8 28.Re8+ Nf8
29.Qa4 Kh7 30.Rxc8 Qxc8 31.Qxa5 Rd6 32.Qb4 Ra6 33.Qb3 Qd7 34.f5 g6 35.Qb4 Kg7
36.Re7 Qa4 37.Qxb7 Qd1+ 38.Kg2 Rf6 39.Qxd5 Qb1 40.Re2 gxf5 41.Rf2 f4 42.gxf4 Ng6
43.f5 Nh4+ 44.Kh3 Qe1 45.Re2  1-0

[Event "Women-Veterans"]
[Site "Vienna"]
[Date "1993.??.??"]
[Round "?"]
[White "Ivkov, Borislav"]
[Black "Chiburdanidze, Maia"]
[Result "1/2-1/2"]
[WhiteElo "2505"]
[BlackElo "2510"]

1.Nf3 Nf6 2.c4 d6 3.d4 Nbd7 4.Nc3 g6 5.e4 e5 6.Be2 Bg7 7.O-O O-O 8.Re1 h6
9.dxe5 dxe5 10.h3 c6 11.Be3 Qe7 12.Qc2 Nh5 13.Qd2 Nf4 14.Bxf4 exf4 15.Qxf4 Qb4
16.Qd2 Nc5 17.Rad1 Be6 18.a3 Qb6 19.b4 Bxc3 20.Qxc3 Nxe4 21.Qd4 Ng5 22.Nxg5 Qxd4
23.Rxd4 hxg5 24.Bg4 Bxg4 25.hxg4 Rfe8 26.Rxe8+ Rxe8 27.Rd7 Re1+ 28.Kh2 Ra1
29.Rxb7 Rxa3 30.f3 Kg7  1/2-1/2

[Event "Women-Veterans"]
[Site "Vienna"]
[Date "1993.??.??"]
[Round "?"]
[White "Larsen, Bent"]
[Black "Chiburdanidze, Maia"]
[Result "0-1"]
[WhiteElo "2540"]
[BlackElo "2510"]

1.g3 g6 2.Bg2 Bg7 3.Nc3 c5 4.d3 Nc6 5.f4 e6 6.e4 Nge7 7.Nf3 d5 8.O-O O-O
9.Rb1 b6 10.e5 Bb7 11.a3 Nf5 12.b4 f6 13.exf6 Bxf6 14.Ne2 Qd6 15.c3 d4 16.g4 Ne3
17.Bxe3 dxe3 18.bxc5 Qxc5 19.Qb3 Qd6 20.Rbd1 Kh8 21.Qa4 Na5 22.Qb4 Qc7 23.Ne1 e5
24.Bxb7 Nxb7 25.Ng2 exf4 26.Rxf4 Nc5 27.Qc4 Be5 28.Rxf8+ Rxf8 29.Nxe3 Bxh2+
30.Kg2 Qe7 31.Kxh2 Rf2+ 32.Kg1 Qxe3 33.Qd4+ Qxd4 34.Nxd4 Rf4 35.Nb5 Rxg4+
36.Kf1 Ra4 37.d4 Nd7 38.Re1 Nf6 39.Re6 Nd5 40.Re5 Nf6 41.Re6 Nd5 42.Rc6 Kg7
43.Ke2 a6 44.Nc7 Nxc7 45.Rxc7+ Kf6 46.Rc6+ Kf5 47.Rxb6 Rxa3 48.Kd3 h5 49.d5 h4
50.d6 Ra1 51.Ke2 Ke6 52.Kf2 Ra2+ 53.Kg1 g5 54.c4 g4 55.c5 Ra1+ 56.Kh2 g3+
57.Kh3 Rh1+ 58.Kg2 Rh2+ 59.Kf3 Rf2+ 60.Ke3 Rf1 61.Rb2 h3  0-1

[Event "Women-Veterans"]
[Site "Vienna"]
[Date "1993.??.??"]
[Round "?"]
[White "Olafsson, Fridrik"]
[Black "Chiburdanidze, Maia"]
[Result "0-1"]
[WhiteElo "2485"]
[BlackElo "2510"]

1.e4 c5 2.Nf3 d6 3.g3 Nf6 4.d3 g6 5.Bg2 Bg7 6.O-O Nc6 7.Re1 O-O 8.c3 e5 9.a3 d5
10.exd5 Nxd5 11.Nbd2 Rb8 12.Ne4 b6 13.b4 f5 14.Qb3 Kh8 15.Neg5 f4 16.Nxh7 Kxh7
17.Qxd5 Qxd5 18.Ng5+ Kh6 19.Bxd5 Kxg5 20.Bxc6 Bf5 21.d4 Rbc8 22.b5 exd4 23.Bxf4+ Kh5
24.cxd4 Bxd4 25.Ra2 g5 26.Be3 Be6 27.Rc2 Bf5 28.Rcc1 Bb2 29.Rc4 Bd3 30.Ra4 a6
31.Bd7 axb5 32.Bg4+ Kg6 33.Ra6 Rc6 34.h4 gxh4 35.gxh4 b4 36.Ra7 bxa3 37.h5+ Kf6
38.Bf3 Re6 39.Kh2 Be4 40.Bxc5 Be5+ 41.Kh3 Bf5+  0-1

[Event "Biel"]
[Site "Biel"]
[Date "1994.??.??"]
[Round "1"]
[White "Chiburdanidze, Maia"]
[Black "Brunner, Lucas"]
[Result "0-1"]
[WhiteElo "2505"]
[BlackElo "2525"]

1.c4 c6 2.d4 d5 3.Qb3 Nf6 4.Nf3 dxc4 5.Qxc4 Bf5 6.Nc3 Nbd7 7.g3 e6 8.Bg2 Be7
9.O-O O-O 10.Rd1 Bc2 11.e3 Bxd1 12.Nxd1 c5 13.Nc3 Rc8 14.Qe2 Qb6 15.Na4 Qa5
16.Nc3 cxd4 17.Nxd4 Qb6 18.Bd2 a6 19.Na4 Qa7 20.b4 Nd5 21.Bxd5 exd5 22.Nc3 Nf6
23.Nf5 Rfe8 24.b5 Bf8 25.Qd3 axb5 26.Nxb5 Qa6 27.a4 Ne4 28.Be1 Qf6 29.Nfd4 Rc4
30.Qd1 Bb4 31.Qe2 Bxe1 32.Qxe1 Rec8 33.a5 h5 34.Rb1 h4 35.Ne2 Ng5 36.Nbd4 Nf3+
37.Nxf3 Qxf3 38.Qf1 Qe4 39.Rd1 Rb4 40.Nf4 hxg3 41.hxg3 d4 42.exd4 Rxd4 43.Re1 Qc6
44.Qe2 Rcd8 45.Nh5 Qc3 46.Rb1 Qxa5 47.Rb5 Qc7 48.Qb2 Qc6  0-1

[Event "Biel"]
[Site "Biel"]
[Date "1994.??.??"]
[Round "2"]
[White "Hoffman, Alejandro"]
[Black "Chiburdanidze, Maia"]
[Result "1-0"]
[WhiteElo "2500"]
[BlackElo "2505"]

1.e4 c5 2.c3 d6 3.d4 Nd7 4.Nf3 e5 5.dxe5 dxe5 6.Bc4 Qf6 7.O-O h6 8.a4 Bd6
9.Na3 Ne7 10.Ba2 O-O 11.Nd2 Rd8 12.Ndc4 Bc7 13.Qe2 Nf8 14.f4 exf4 15.e5 Qc6
16.Bxf4 Be6 17.Nb5 Nfg6 18.Nxc7 Qxc7 19.Bg3 Nf5 20.Rxf5 Bxf5 21.e6 Qc6 22.exf7+ Kh7
23.h4 Bd3 24.Qg4 Bxc4 25.Bxc4 Rd2 26.Bf2 Rad8 27.Re1 Nf8 28.Qf5+ Qg6 29.Qxg6+ Kxg6
30.Re8 b6 31.Bg3 Nh7 32.h5+ Kxh5 33.Bc7 R8d7 34.Be5 Kg6 35.f8=N+ Nxf8 36.Rxf8 Rxb2
37.Rf3 Kh7 38.Bd3+ Kg8 39.Bb5 Re7 40.Bd6  1-0

[Event "Biel"]
[Site "Biel"]
[Date "1994.??.??"]
[Round "3"]
[White "Chiburdanidze, Maia"]
[Black "Wahls, Matthias"]
[Result "1/2-1/2"]
[WhiteElo "2505"]
[BlackElo "2540"]

1.c4 Nf6 2.Nc3 c5 3.Nf3 e6 4.d4 cxd4 5.Nxd4 Bb4 6.Nb5 O-O 7.a3 Bxc3+ 8.Nxc3 d5
9.Bg5 Nc6 10.e3 dxc4 11.Bxc4 h6 12.Bh4 Qe7 13.O-O Ne5 14.Ba2 Rd8 15.Qe2 Ng6
16.Bg3 Bd7 17.Rad1 Bc6 18.Rxd8+ Rxd8 19.Rd1 a6 20.Bb1 Nf8 21.Rxd8 Qxd8 22.Qd3 Qxd3
23.Bxd3 N8d7 24.Bd6 Ne8 25.Bb4 Nc7 26.f4 Nf6 27.e4 Nb5 28.Nxb5 Bxb5 29.Bxb5 axb5
30.e5 Nd5 31.Bd2 h5 32.Kf2 Kf8 33.Kf3 Ke7 34.Ke4 Kd7 35.h3 g6 36.g4 hxg4
37.hxg4 Kc6 38.Kd4 Nb6 39.b3 Nd5 40.Bc1 Ne7 41.Ke4 Nd5 42.Kd4 Nb6 43.Bd2 Nd7
44.Bb4 Nb6  1/2-1/2

[Event "Biel"]
[Site "Biel"]
[Date "1994.??.??"]
[Round "4"]
[White "Forster, Richard"]
[Black "Chiburdanidze, Maia"]
[Result "0-1"]
[WhiteElo "2380"]
[BlackElo "2505"]

1.e4 c6 2.d4 d5 3.e5 Bf5 4.h4 h6 5.g4 Be4 6.f3 Bh7 7.e6 Qd6 8.exf7+ Kxf7
9.Bd3 e5 10.Bxh7 Rxh7 11.dxe5 Qxe5+ 12.Ne2 Nd7 13.Nc3 Re8 14.Qd3 Ngf6 15.h5 d4
16.Qc4+ Re6 17.Ne4 Nxe4 18.fxe4 Ke8 19.O-O g5 20.Rf5 Qd6 21.Qd3 Nc5 22.Qf3 Nxe4
23.b3 Rd7 24.Bb2 Bg7 25.Rd1 c5 26.b4 Qb6 27.Qb3 c4 28.Qxc4 d3+ 29.Kh2 Bxb2
30.cxd3 Nf6 31.Ng3 Be5 32.Rxe5 Rxe5 33.d4 Qe6 34.Qc8+ Rd8 35.Qxd8+ Kxd8 36.dxe5+ Nd7  0-1

[Event "Biel"]
[Site "Biel"]
[Date "1994.??.??"]
[Round "5"]
[White "Chiburdanidze, Maia"]
[Black "Cramling, Pia"]
[Result "1-0"]
[WhiteElo "2505"]
[BlackElo "2525"]

1.d4 Nf6 2.Nf3 g6 3.Bg5 Bg7 4.Nbd2 d5 5.c3 O-O 6.e3 Nbd7 7.Be2 Re8 8.c4 c5
9.O-O Ne4 10.Bh4 Nxd2 11.Qxd2 Nb6 12.cxd5 Qxd5 13.dxc5 Qxc5 14.Rac1 Qh5 15.Bg3 Bg4
16.h3 Rad8 17.Qb4 Bc8 18.e4 Na8 19.Rfd1 Rxd1+ 20.Rxd1 a5 21.Qa4 Rf8 22.Qa3 b6
23.Qxe7 Qc5 24.Qxc5 bxc5 25.Bd6 Rd8 26.e5 Bf8 27.Rc1 Bxd6 28.exd6 Bb7 29.Rxc5 a4
30.Ne5 Rxd6 31.Bc4 Kg7 32.Bxf7 Rd1+ 33.Kh2 Rd2 34.Rb5 Ba6 35.Ra5 Nc7 36.Bc4 Bb7
37.Kg3 Rxb2 38.Rxa4 Kf6 39.Ng4+ Ke7 40.Bb3 Ba6 41.Rf4 h5 42.Rf7+ Kd6 43.Ne3 g5
44.h4  1-0

[Event "Biel"]
[Site "Biel"]
[Date "1994.??.??"]
[Round "6"]
[White "Masserey, Yvan"]
[Black "Chiburdanidze, Maia"]
[Result "1/2-1/2"]
[WhiteElo "2300"]
[BlackElo "2505"]

1.e4 c5 2.Nf3 d6 3.d4 cxd4 4.Nxd4 e5 5.Bb5+ Bd7 6.Bxd7+ Qxd7 7.Nb3 Nf6 8.Nc3 h6
9.O-O Be7 10.Qd3 O-O 11.Be3 Qc6 12.Rfd1 Rc8 13.Rac1 Nbd7 14.f3 a6 15.Nd5 Nxd5
16.Qxd5 Qxd5 17.Rxd5 b5 18.c3 Nf6 19.Rdd1 a5 20.Na1 Rc6 21.Nc2 Bd8 22.Na3 Bb6
23.Bxb6 Rxb6 24.c4 b4 25.Nb5 Ne8 26.b3 a4 27.Rd2 Kf8 28.Rcd1 Ke7  1/2-1/2

[Event "Biel"]
[Site "Biel"]
[Date "1994.??.??"]
[Round "7"]
[White "Chiburdanidze, Maia"]
[Black "Vaganian, Rafael A"]
[Result "1/2-1/2"]
[WhiteElo "2505"]
[BlackElo "2645"]

1.d4 Nf6 2.c4 e6 3.g3 d5 4.Nf3 Be7 5.Bg2 O-O 6.O-O c6 7.Qc2 b6 8.b3 Nbd7
9.Rd1 Ba6 10.a4 Rc8 11.a5 c5 12.axb6 Qxb6 13.Qa2 Bb7 14.Ba3 Ne4 15.e3 Bf6
16.Bb2 dxc4 17.bxc4 Rb8 18.Nc3 Ba8 19.Nxe4 Bxe4 20.Bc3 Qb7 21.Qxa7 Bxf3 22.Bxf3 Qxf3
23.Qxd7 h5 24.Qc7 Rb3 25.Be1 cxd4 26.exd4 g5 27.Rdb1 Bxd4 28.Rxb3 Qxb3 29.Ra5 Bf6
30.Rb5 Qd1 31.Qa5 Qf3 32.Bd2 Ra8 33.Rxg5+ Bxg5 34.Qxg5+ Kh7 35.Qh6+ Kg8  1/2-1/2

[Event "Biel"]
[Site "Biel"]
[Date "1994.??.??"]
[Round "8"]
[White "Chiburdanidze, Maia"]
[Black "Landenbergue, Claude"]
[Result "1-0"]
[WhiteElo "2505"]
[BlackElo "2450"]

1.c4 e5 2.g3 Nc6 3.Bg2 f5 4.Nc3 Nf6 5.e3 g6 6.Nge2 Bg7 7.d3 O-O 8.Nd5 d6
9.Bd2 Be6 10.Rc1 Bf7 11.Nxf6+ Bxf6 12.e4 fxe4 13.dxe4 Bg7 14.Be3 Be6 15.O-O Kh8
16.Qd2 a5 17.h3 Qd7 18.Kh2 b6 19.b3 Rae8 20.a3 Rd8 21.Nc3 Nd4 22.Bxd4 exd4
23.Ne2 c5 24.a4 Qf7 25.f4 Bd7 26.Rce1 Rde8 27.Nc1 Bc6 28.Nd3 Re7 29.e5 Bxg2
30.Qxg2 Qf5 31.exd6 Rxe1 32.Nxe1 Qe6 33.Nd3 Qxd6 34.Re1 Qd7 35.Qe4 Kg8 36.Qe6+ Qxe6
37.Rxe6 Rb8 38.Kg2 Rb7 39.g4 Kf7 40.Re1 Bf6 41.Kf3 Rd7 42.g5 Bg7 43.Kg4 Re7
44.Rxe7+ Kxe7 45.f5 gxf5+ 46.Kxf5 Kd6 47.h4 Bf8 48.Kf6 Be7+ 49.Kg7 Ke6 50.Kxh7 Kf5
51.g6 Bf8 52.g7 Bxg7 53.Kxg7 Kg4 54.Kg6 Kxh4 55.Kf5  1-0

[Event "Biel"]
[Site "Biel"]
[Date "1994.??.??"]
[Round "9"]
[White "Gavrikov, Viktor"]
[Black "Chiburdanidze, Maia"]
[Result "1/2-1/2"]
[WhiteElo "2600"]
[BlackElo "2505"]

1.Nf3 Nf6 2.c4 e6 3.Nc3 Bb4 4.Qc2 c5 5.a3 Bxc3 6.Qxc3 O-O 7.b4 b6 8.Bb2 Bb7
9.e3 Nc6 10.Be2 d6 11.O-O e5 12.d4 Re8 13.d5 cxb4 14.axb4 Ne7 15.Nd2 b5 16.e4 bxc4
17.Bxc4 Qb6 18.Qb3 Reb8 19.Bc3 Bc8 20.Bd3 Nd7 21.Qa3 Qd8 22.Nc4 Nb6 23.Na5 a6
24.Bd2 Bd7 25.Rac1 Bb5 26.Bxb5 axb5 27.Qd3 Qe8 28.Be3 Nd7 29.Rc7 Qd8 30.Rb7 Rxb7
31.Nxb7 Qc7 32.Na5 Nf6 33.Rc1 Qd7 34.Nc6 Kf8 35.Bg5 Qb7 36.Na5 Qd7 37.f3 Rc8
38.Ra1 h6 39.Be3 Ne8 40.Nb3 Rc4 41.Ra7 Rc7 42.Ra8 Rc8 43.Rxc8 Nxc8 44.f4 exf4
45.Bxf4 Qa7+ 46.Nd4 Qa4 47.Nxb5 Qxb4 48.Bd2  1/2-1/2

[Event "Biel"]
[Site "Biel"]
[Date "1994.??.??"]
[Round "10"]
[White "Chiburdanidze, Maia"]
[Black "Gallagher, Joseph G"]
[Result "1/2-1/2"]
[WhiteElo "2505"]
[BlackElo "2470"]

1.d4 Nf6 2.c4 g6 3.g3 Bg7 4.Bg2 O-O 5.Nc3 d6 6.Nf3 Nbd7 7.O-O e5 8.h3 exd4
9.Nxd4 Re8 10.e4 a6 11.Re1 Nc5 12.Rb1 h6 13.Bf4 Rb8 14.b4 Ne6 15.Nxe6 Bxe6
16.Nd5 Nd7 17.c5 Ne5 18.Qc2 c6 19.Nb6 dxc5 20.bxc5 Qd3 21.Re2 Rbd8 22.Be3 Qxc2
23.Rxc2 Rd3 24.Bf1 Rb3  1/2-1/2

[Event "Biel"]
[Site "Biel"]
[Date "1994.??.??"]
[Round "11"]
[White "Pelletier, Yannick"]
[Black "Chiburdanidze, Maia"]
[Result "1/2-1/2"]
[WhiteElo "2350"]
[BlackElo "2505"]

1.Nf3 d6 2.d4 Nd7 3.c4 e5 4.Nc3 g6 5.e4 Bg7 6.Be2 f6 7.Be3 Nh6 8.h3 Nf7 9.Qd2 c6
10.g4 a6 11.d5 c5 12.Bd3 Nf8  1/2-1/2

[Event "Kuala Lumpur"]
[Site "Kuala Lumpur"]
[Date "1994.??.??"]
[Round "2"]
[White "Chiburdanidze, Maia"]
[Black "Gaprindashvili, Nona"]
[Result "1-0"]
[WhiteElo "2520"]
[BlackElo "2365"]

1.d4 d6 2.c4 e5 3.Nc3 Nd7 4.Nf3 g6 5.e4 Bg7 6.Be2 c6 7.O-O f6 8.d5 c5 9.Nb5 Nb6
10.b4 a6 11.bxc5 dxc5 12.Nc3 Nh6 13.Be3 Bf8 14.Ne1 Nf7 15.a4 Bd6 16.a5 Nd7
17.Bg4 O-O 18.Nd3 f5 19.exf5 Nf6 20.Bh3 gxf5 21.f4 exf4 22.Bxf4 Bxf4 23.Rxf4 Qc7
24.Bxf5 Ne5 25.Bxc8 Raxc8 26.Rxf6 Rxf6 27.Nxe5 Qxe5 28.Qg4+ Kf7 29.Qxc8 Qxc3
30.Qxb7+ Kf8 31.Qb8+ Kf7 32.Qc7+ Ke8 33.Rb1 Qd4+ 34.Kh1 Qb2 35.Re1+ Kf8 36.Qxc5+ Kg7
37.Qe7+ Kg8 38.h3 Qd4 39.Rb1 Qf4 40.c5 Rf7 41.Qe8+ Kg7 42.d6 Qd4 43.Rc1 h5
44.c6 Qd2 45.Qe1  1-0

[Event "Kuala Lumpur"]
[Site "Kuala Lumpur"]
[Date "1994.??.??"]
[Round "3"]
[White "Torre, Eugenio"]
[Black "Chiburdanidze, Maia"]
[Result "1-0"]
[WhiteElo "2520"]
[BlackElo "2520"]

1.e4 g6 2.d4 Bg7 3.c3 b6 4.Bg5 Bb7 5.Nd2 d6 6.Ngf3 Nd7 7.Bd3 f6 8.Qb3 e5
9.Be3 Qe7 10.O-O Nh6 11.Bxh6 Bxh6 12.a4 a5 13.Bc4 Kf8 14.Bd5 Bxd5 15.Qxd5 Kg7
16.Nc4 Rhe8 17.Rfe1 Nf8 18.Rad1 Qf7 19.Qc6 Qd7 20.Qxd7+ Nxd7 21.Na3 Nf8 22.Nb5 Re7
23.Kf1 Ne6 24.g3 Nd8 25.Re2 Nc6 26.d5 Nd8 27.Ne1 Nb7 28.Nd3 Kf7 29.Kg2 Rae8
30.Rde1 Ra8 31.f4 Kg8 32.Kf3 Rf8 33.h4 Rg7 34.Rh1 Rd7 35.Na7 exf4 36.gxf4 f5
37.Nc6 fxe4+ 38.Rxe4 Nc5 39.Nxc5 dxc5 40.Kg4 Kg7 41.c4 Rdf7 42.Rf1 Kg8 43.Ne5 Re7
44.Rfe1 Rfe8 45.Nd7 Rxe4 46.Rxe4 Rxe4 47.Nf6+ Kf7 48.Nxe4 Bf8 49.Ng5+ Kg8
50.h5 gxh5+ 51.Kxh5 Bd6 52.Ne6 Kf7 53.Kh6 Kg8 54.b3 Kh8 55.Kg5 Kg8 56.Kf6 Kh8
57.f5 Kg8 58.Nxc7 Bxc7 59.Ke7 Be5 60.f6 Bxf6+ 61.Kxf6 Kf8  1-0

[Event "Kuala Lumpur"]
[Site "Kuala Lumpur"]
[Date "1994.??.??"]
[Round "4"]
[White "Chiburdanidze, Maia"]
[Black "Gufeld, Eduard"]
[Result "1-0"]
[WhiteElo "2520"]
[BlackElo "2475"]

1.d4 Nf6 2.c4 c5 3.Nf3 cxd4 4.Nxd4 Nc6 5.Nc3 g6 6.e4 d6 7.Be2 Nxd4 8.Qxd4 Bg7
9.Bg5 O-O 10.Qd2 Be6 11.Rc1 Rc8 12.b3 a6 13.O-O b5 14.Bxf6 Bxf6 15.cxb5 axb5
16.Nxb5 Qb6 17.Na3 Rc5 18.Rxc5 Qxc5 19.Nc4 Bg5 20.Qc3 f5 21.exf5 Bxf5 22.b4 Qc7
23.Qb3 Be6 24.b5 d5 25.Ne3 Qe5 26.Qd3 Rc8 27.Bg4 Bxg4 28.Nxg4 Qf5 29.Qg3 Bf4
30.Qf3 Rc2 31.g3 h5 32.Ne3 Bxe3 33.Qxe3 Rxa2 34.Qxe7 Rb2 35.Qd8+ Kg7 36.Qc7+ Kh6
37.Qc1+  1-0

[Event "Kuala Lumpur"]
[Site "Kuala Lumpur"]
[Date "1994.??.??"]
[Round "7"]
[White "Gaprindashvili, Nona"]
[Black "Chiburdanidze, Maia"]
[Result "1/2-1/2"]
[WhiteElo "2365"]
[BlackElo "2520"]

1.d4 Nf6 2.c4 g6 3.Nc3 d5 4.cxd5 Nxd5 5.e4 Nxc3 6.bxc3 Bg7 7.Nf3 c5 8.Bb5+ Nc6
9.O-O cxd4 10.cxd4 O-O 11.Be3 Bg4 12.Bxc6 bxc6 13.Rc1 Qa5 14.Qd2  1/2-1/2

[Event "Kuala Lumpur"]
[Site "Kuala Lumpur"]
[Date "1994.??.??"]
[Round "8"]
[White "Chiburdanidze, Maia"]
[Black "Torre, Eugenio"]
[Result "0-1"]
[WhiteElo "2520"]
[BlackElo "2520"]

1.c4 c6 2.d4 d5 3.Nf3 Nf6 4.Qc2 dxc4 5.Qxc4 Bf5 6.Nc3 Nbd7 7.g3 e6 8.Bg2 Be7
9.O-O O-O 10.Bf4 Nd5 11.Ne5 N7b6 12.Qb3 Nxf4 13.gxf4 Qxd4 14.e4 Bg6 15.Rfd1 Qb4
16.Qc2 Bh5 17.Rd3 Bf6 18.a3 Qe7 19.Rh3 g6 20.Nd3 Bg7 21.Re1 Rad8 22.Ree3 Rd4
23.Reg3 Rc4 24.Ne5 Rd4 25.Nd3 Rfd8 26.e5 Rc4 27.b3 Rcd4 28.Ne4 Qxa3 29.Nf6+ Bxf6
30.exf6 Qa1+ 31.Bf1 Qd1 32.Qa2 Bg4 33.Nb2 Rd2 34.Rd3 Qe1 35.Rxd8+ Rxd8 36.Rd3 Nd5
37.Nc4 Rf8 38.Ne5 Nxf4 39.Re3 Qd1 40.Qa4 Be2 41.Rxe2 Nxe2+ 42.Kg2 Qd5+  0-1

[Event "Kuala Lumpur"]
[Site "Kuala Lumpur"]
[Date "1994.??.??"]
[Round "9"]
[White "Gufeld, Eduard"]
[Black "Chiburdanidze, Maia"]
[Result "1/2-1/2"]
[WhiteElo "2475"]
[BlackElo "2520"]

1.e4 c5 2.Nf3 d6 3.d4 cxd4 4.Nxd4 Nf6 5.Nc3 Nc6 6.Bg5 e6 7.Qd2 a6 8.O-O-O h6
9.Bf4 Bd7 10.Bg3 Rc8 11.Nb3 b5 12.Bxd6 b4 13.Bxf8 bxc3 14.Qxc3 Rxf8 15.Bxa6 Rb8
16.Nc5 Qb6 17.Rd6 Bc8 18.Be2 Qc7 19.Rhd1 Nb4 20.Qe5 Rb7 21.c3 Nxa2+ 22.Kb1 Ra7
23.Bc4 Ke7 24.Bxa2 Rd8 25.Nxe6 Bxe6 26.Bxe6 Rxd6 27.Bf5+ Re6 28.Qxc7+ Rxc7
29.Bxe6 Kxe6 30.f3 Ne8 31.Kc2 Nd6 32.b4 f5  1/2-1/2

[Event "Kuala Lumpur"]
[Site "Kuala Lumpur"]
[Date "1994.??.??"]
[Round "10"]
[White "Chiburdanidze, Maia"]
[Black "Xie Jun"]
[Result "1/2-1/2"]
[WhiteElo "2520"]
[BlackElo "2515"]

1.d4 Nf6 2.Nf3 g6 3.Bg5 Bg7 4.Nbd2 d5 5.e3 O-O 6.Be2 Nbd7 7.O-O Re8 8.c4 c5
9.Bh4 cxd4 10.Nxd4 Nf8 11.Qb3 Qa5 12.N2f3 Bd7 13.Bxf6 Bxf6 14.cxd5 e5 15.dxe6 Nxe6
16.Bc4 Ba4 17.Qa3 Nxd4 18.exd4 b5 19.b4 Qb6 20.Bb3 Bxb3  1/2-1/2

[Event "Veterans-Women"]
[Site "Monte Carlo"]
[Date "1994.??.??"]
[Round "1"]
[White "Chiburdanidze, Maia"]
[Black "Hort, Vlastimil"]
[Result "0-1"]
[WhiteElo "2520"]
[BlackElo "2535"]

1.e4 e5 2.Nf3 Nc6 3.Bb5 Nf6 4.d3 d6 5.c3 g6 6.d4 Bd7 7.Bg5 Bg7 8.Nbd2 O-O
9.O-O h6 10.Bxf6 Qxf6 11.d5 Nb8 12.Qb3 Bc8 13.c4 Qe7 14.Rac1 Kh7 15.Qa3 a6
16.Ba4 b6 17.Qc3 a5 18.a3 Bd7 19.Bb5 a4 20.Qc2 Ra5 21.Ne1 h5 22.Nd3 Bh6 23.Rcd1 f5
24.Nb4 Bxd2 25.Rxd2 fxe4 26.Bxd7 Qxd7 27.Re2 Qf5 28.Qxe4 Qxe4 29.Rxe4 Nd7
30.f4 Nc5 31.Re2 e4 32.g3 Raa8 33.Nc6 Rae8 34.Nd4 Kh6 35.Re3 Rf7 36.Rfe1 Rfe7
37.R1e2 Kg7 38.Kf1 Kf6 39.Ke1 h4 40.Kd2 hxg3 41.hxg3 Rh8 42.Kc3 Rh1 43.Kb4 Rd1
44.Ne6 c6 45.Nxc5 bxc5+ 46.Kxa4 cxd5 47.cxd5 Kf5 48.Kb5 Rxd5 49.a4 Rd1 50.a5 d5
51.a6 d4 52.Ra3 d3 53.Re3 d2 54.Re2 e3 55.Rd3 Ra1 56.Rexd2 exd2 57.Rxd2 Re6
58.Rd5+ Kg4 59.Rg5+ Kf3 60.f5 gxf5 61.Rxf5+ Kxg3 62.Rxc5 Raxa6 63.b4 Kf4
64.Rc1 Reb6+  0-1

[Event "Veterans-Women"]
[Site "Monte Carlo"]
[Date "1994.??.??"]
[Round "2"]
[White "Larsen, Bent"]
[Black "Chiburdanidze, Maia"]
[Result "1/2-1/2"]
[WhiteElo "2560"]
[BlackElo "2520"]

1.c4 g6 2.g3 Bg7 3.Bg2 e5 4.Nc3 d6 5.d3 Nc6 6.e3 f5 7.Nge2 Nf6 8.Nd5 Nxd5
9.cxd5 Ne7 10.Bd2 O-O 11.Rc1 c6 12.dxc6 bxc6 13.b4 Be6 14.Qa4 Qb6 15.O-O Rac8
16.Rc2 Rc7 17.Rfc1 Rfc8 18.h4 Bf6 19.e4 d5 20.Rc5 Rd8 21.Be3 fxe4 22.dxe4 d4
23.Bg5 Bxg5 24.hxg5 d3 25.Nc3 Rd4 26.Rb1 Qxc5 27.bxc5 Rxa4 28.Nxa4 Bxa2 29.Rb8+ Kf7
30.Rd8 Bb1 31.Nb2 Rb7 32.Nc4 Rb5 33.Nxe5+ Kg7 34.Nxd3 Bxd3 35.Rxd3 Rxc5 36.Rd7 Kf8
37.Rxa7 Rxg5 38.Bf3 h5 39.Kf1 Kf7 40.Be2 Kf6 41.Bd3 h4 42.gxh4 Rh5 43.Ke2  1/2-1/2